| 000 | 00887cam a2200277 a 4500 | ||
|---|---|---|---|
| 005 | 20260322212002.0 | ||
| 008 | data | ||
| 010 | _a 89021738 | ||
| 020 | _a0811425061 | ||
| 020 | _a9780811425063 | ||
| 040 |
_aDLC _cDLC _dDLC |
||
| 042 | _alcac | ||
| 050 | 0 | 0 |
_aQL467.2 _b.C67 1990 |
| 082 | 0 | 0 |
_a595.7 _220 |
| 092 | _a595.7 C67 1990 | ||
| 100 | 1 | _aCooper, Elizabeth K. | |
| 245 | 1 | 0 |
_aInsects / _cElizabeth K. Cooper. |
| 260 |
_aAustin, Tex. : _bSteck-Vaughn Library, _c1990, c1988. |
||
| 300 |
_a48 p. : _bcol. ill. ; _c25 cm. |
||
| 490 | 1 | _aFacts about | |
| 520 | _aIntroduces various types of insects, describing their skin, wings, eyes, feelers, life cycles, and environments; how they breathe and eat; and those that are pests and those that are helpful. | ||
| 650 | 0 |
_aInsects _xJuvenile literature. |
|
| 650 | 1 | _aInsects. | |
| 830 | 0 | _aFacts about (Austin, Tex.) | |
| 001 | data | ||
| 999 |
_c8 _d8 |
||